Sauvez les Asiatiques en devinant les pays - Statistiques

Statistiques générales
  • Ce quiz a été pris 2 542 fois
  • Le résultat moyen est 3689 sur 4777
Réponses sur la Carte
Les réponses sont colorées sur une échelle allant du rouge au vert en fonction du pourcentage des utilisateurs qui les ont devinées à leur premier essai. Vous pouvez retrouver ces pourcentages ci-dessous.
 
Statistiques - réponses
Population Pays % Correct
1 433 388 Chine
97%
1 441 720 Inde
93%
122 631 Japon
82%
279 798 Indonésie
71%
89 810 Iran
64%
71 886 Thaïlande
63%
245 210 Pakistan
60%
3 494 Mongolie
57%
99 498 Viêt Nam
57%
37 474 Arabie saoudite
53%
51 742 Corée du Sud
53%
46 524 Irak
53%
86 260 Turquie
51%
119 106 Philippines
46%
19 828 Kazakhstan
44%
174 701 Bangladesh
42%
34 672 Malaisie
41%
7 737 Laos
38%
54 965 Birmanie
36%
26 245 Corée du Nord
31%
43 373 Afghanistan
30%
31 240 Népal
29%
17 122 Cambodge
28%
35 220 Yémen
28%
4 714 Oman
26%
24 348 Syrie
20%
9 592 Emirats Arabes Unis
19%
2 737 Qatar
15%
23 950 Taïwan
14%
6 053 Singapour
13%
14 807 Israël
12%
21 949 Sri Lanka
12%
792 Bhoutan
11%
5 219 Liban
11%
35 674 Ouzbékistan
11%
11 385 Jordanie
9%
6 598 Turkménistan
7%
1 499 Bahreïn
6%
4 349 Koweït
6%
2 778 Arménie
5%
3 717 Géorgie
5%
6 840 Kirghizistan
5%
10 332 Tadjikistan
5%
10 463 Azerbaïdjan
4%
456 Brunei
4%
1 268 Chypre
3%
518 Maldives
3%
1 380 Timor oriental
1%
Aucun quiz correspondant
Distribution des résultats
% des personnes avec chaque résultat
Percentile par nombre de réponses
Votre historique - résultats
Vous n’avez pas pris ce quiz